| 000 | 00982cam a2200325 i 4500 | ||
|---|---|---|---|
| 001 | 200448396 | ||
| 003 | TR-AnTOB | ||
| 005 | 20241125084621.0 | ||
| 007 | ta | ||
| 008 | 761019s1952 iaua 000 0 eng | ||
| 010 | _a 52001799 | ||
| 035 | _a(OCoLC)2513098 | ||
| 035 | _a(TR-AnTOB)200448396 | ||
| 040 |
_aDLC _beng _erda _cOTU _dOCoLC _dDLC _dTR-AnTOB |
||
| 041 | 0 | _aeng | |
| 050 | 0 | 4 |
_aHD31 _b.M36 1952 |
| 090 |
_aHD31 _b.M36 1952 |
||
| 100 | 1 |
_aMcNaughton, Wayne L. _q(Wayne Leslie), _d1902-1982 _eauthor _9136382 |
|
| 245 | 1 | 0 |
_aBusiness organization / _cby Wayne L. McNaughton. |
| 264 | 1 |
_aAmes, Iowa : _bLittlefeld, Adams, _c1952. |
|
| 300 |
_a243 pages : _billustrations ; _c21 cm |
||
| 336 |
_atext _btxt _2rdacontent |
||
| 337 |
_aunmediated _bn _2rdamedia |
||
| 338 |
_avolume _bnc _2rdacarrier |
||
| 490 | 0 |
_aThe New Littlefield college outlines, _v11 |
|
| 650 | 0 |
_aIndustrial management _9508 |
|
| 942 |
_2lcc _cBK |
||
| 999 |
_c200448396 _d66608 |
||